1234 1998 1299 1378 1216 1990 1698 1630 1164 1085 1054 1053 1676 1073 1229 1343 1653 1175 1887 1241 1591 1127 1364 1209 1918 1495 1054 1436 1538 1187 1885 1230 1872 1489 1960 1862 1960 1840 1746 1854 1343 1635 1898 1126 1579 1203 1845 1001 1839 1475 1219 1349 1326 1504 1238 1734 1707 1978 1439 1040 1418 1482 1677 1978 1974 1314 1790 1373 1853 1187 1235 1671 1289 1547 1753 1746 1831 1432 1713 1023 1863 1880 1001 1768 1129 1945 1876 1307 1264 1894 1442 1186 1869 1781 1027 1267 1143 1542 1399 BCNSPRNW ULIB Ver.6.0+V

เปลี่ยนเป็นภาษาไทย

Change to English
 แสดงรายละเอียดบรรณานุกรม
  กลับหน้าหลัก

Brief Record : Get Marc (ISO 2709) : E-mail record : QR code < ปิดหน้าต่าง
LEADER : 00000nam 2200000uu 4500
001    13399110626
003     ULIB
008    110410s2550||||th 000 0 tha d
060 04 WR140^bว432ร 2550
100 0  วันทนีย์ บุญบงการ
245 10 ความรู้เรื่องโรค:^bโรคทางผิวหนัง /^cโดย วันทนีย์ บุญบงการ
250    พิมพ์ครั้งที่ 1
260    กรุงเทพฯ :^bยูบุ๊ค,^c2550
300    78 หน้า :^bภาพประกอบสี
650  7 โรคทางผิวหนัง
945    ^p625^l0^i026628
995    ทศพร
999 ^a ใช้งานได้ทุกระบบ
รายการนี้ยังไม่มีแท็ก
คุณยังไม่ได้ล็อกอิน คุณสามารถมีกิจกรรมร่วมกับเว็บไซต์ได้ แต่ต้องล็อกอินก่อน ::
  ล็อกอิน

รายการสื่อสารสนเทศ

ลำดับที่ ประเภท เลขเรียก/บาร์โค้ด สถานที่ สถานะ
- ไม่พบข้อมูล -

รายการใกล้เคียง
    ผู้แต่ง [วันทนีย์ บุญบงการ]

    หัวเรื่อง [โรคทางผิวหนัง]

BibComment


ยังไม่เคยถูกคอมเมนท์

คอมเมนท์ทรัพยากรรายการนี้
  คอมเมนท์: ความรู้เรื่องโรค ..


 Copyright 2026. Bcnsprnw @Library